| 000 | 00762nam a22003017a 4500 | ||
|---|---|---|---|
| 005 | 20240812142009.0 | ||
| 008 | 190507b xxu||||| |||| 00| 0 spa d | ||
| 020 | _a97884674033328 | ||
| 041 | _aESP | ||
| 082 | _a775 C977ca | ||
| 245 | _aCurso de fotografía digital en DVD: animales | ||
| 260 | _aItalia | ||
| 260 | _bPlaneta de Agostini | ||
| 260 | _c2008 | ||
| 300 | _a14 páginas | ||
| 440 | _aCurso de fotografía digital en DVD | ||
| 505 | _aContiene DVD N° 452 | ||
| 650 | _aFOTOGRAFÍA | ||
| 650 | _aTÉCNICAS | ||
| 650 | _aLABORATORIO DIGITAL | ||
| 650 | _aFLASH | ||
| 650 | _aMACROFOTOGRAFÍA | ||
| 650 | _aEFECTOS DE LA LUZ | ||
| 650 | _aLUCES DÍA | ||
| 650 | _aCÁMARA LEICA | ||
| 942 |
_cBK _2ddc |
||
| 999 |
_c11892 _d11892 |
||